Las Leyes de Toro : (Record no. 151402)

MARC details
000 -LEADER
campo de control de longitud fija 00672nam a22001935i 4500
001 - NÚMERO DE CONTROL
campo de control 151402
003 - IDENTIFICADOR DE NÚMERO DE CONTROL
campo de control ES-MaACL
005 - FECHA Y HORA DE LA ÚLTIMA TRANSACCIÓN
campo de control 20230906204010.0
008 - DATOS DE LONGITUD FIJA--INFORMACIÓN GENERAL
campo de control de longitud fija 961110s1880 sp |||| | spa d
080 ## - NÚMERO DE LA CLASIFICACIÓN DECIMAL UNIVERSAL
Número de la Clasificación Decimal Universal 347(460.18)"1505"
100 1# - ENTRADA PRINCIPAL--NOMBRE DE PERSONA
Nombre de persona Alcalde Prieto, Domingo.
9 (RLIN) 19488
245 14 - MENCIÓN DEL TÍTULO
Título Las Leyes de Toro :
Resto del título seguidas de notas... /
Mención de responsabilidad, etc. por Domingo Alcalde Prieto.
250 ## - MENCION DE EDICION
Mención de edición Ed. económica.
260 ## - PUBLICACIÓN, DISTRIBUCIÓN, ETC.
Lugar de publicación, distribución, etc. Valladolid :
Nombre del editor, distribuidor, etc. Imp., Librería nacional y extranjera de hijos de Rodríguez,
Fecha de publicación, distribución, etc. 1880.
300 ## - DESCRIPCIÓN FÍSICA
Extensión 132 p. ;
Dimensiones 18 cm.
610 14 - PUNTO DE ACCESO ADICIONAL DE MATERIA--NOMBRE DE ENTIDAD CORPORATIVA
Nombre de entidad corporativa o nombre de jurisdicción como elemento de entrada Castilla (Reino).
Título de la obra Leyes de Toro, 1505.
9 (RLIN) 155910
650 #4 - PUNTO DE ACCESO ADICIONAL DE MATERIA--TÉRMINO DE MATERIA
Término de materia o nombre geográfico como elemento de entrada Derecho civil-
Subdivisión geográfica Castilla (Reino)
9 (RLIN) 11658
852 4# - LOCALIZACIÓN
Ubicación ES-MaACL
Número de control de estantería D-2141
Holdings
Estatus retirado Estado de pérdida Estado de daño No para préstamo Colección Biblioteca de origen Biblioteca actual Ubicación en estantería Fecha de adquisición Fuente de adquisición Total de préstamos Signatura topográfica completa Código de barras Visto por última vez Precio de reemplazo Tipo de ítem Koha
        Libros del s. XIX Biblioteca del Ateneo de Madrid Biblioteca del Ateneo de Madrid Sala Valle Inclán 17/01/2008     D-2141 901157967 23/02/2023 23/02/2023 Libro impreso antiguo